000
00352nam a22001217a 4500
082
_a
323.0951
100
_a
Zhang Yonghe et al.
245
_a
China and world human rights protection
_c
Zhang Yonghe et al.
260
_a
China
_b
Intercontinental Press
_c
2019
300
_a
200p
942
_2
ddc
_c
BK
999
_c
586579
_d
586579